00470nam a22001577a 450000500170000000800410001702000340005804100130009208200150010510000250012024500510014525000190019626000440021530000280025965000250028720231110080815.0231110b |||||||| |||| 00| 0 eng d a9780409128994 ; 9780409129007 aEnglish  a346.1 HEA  aHeaton, J lEnglish  aThe South African Law of Persons / cJ Heaton  aFifth Edition  aDurban : bLexisNexis (Pty) Ltd, c2017 bx, 175 pages ; c25 cm. aLegal practice bLaw